| 000 | 00911cam a22003017a 4500 | ||
|---|---|---|---|
| 003 | CHAP | ||
| 005 | 20220329134558.0 | ||
| 008 | 971013s1982 r 00010 d | ||
| 010 | _a22467 | ||
| 011 | _a23439 | ||
| 035 | _a27535 | ||
| 040 | _cCHAP | ||
| 082 |
_a631.4 _bA8Y |
||
| 100 | 0 | 0 |
_aAubert, Georges. _98292 |
| 245 | 1 | 3 | _aLa edafología |
| 260 |
_aBarcelona : _bOikos-tau, _c1982 |
||
| 300 | _a154 p | ||
| 590 |
_aBATCH-UPD _b10 _c20130110 _lUCH01 _h1514 |
||
| 590 |
_aBATCH-UPD _b10 _c20130410 _lUCH01 _h0929 |
||
| 590 |
_aBATCH-UPD _b10 _c20130914 _lUCH01 _h0458 |
||
| 590 |
_aCONVERSION _b10 _c20130109 _lUCH01 _h1313 |
||
| 650 | 1 | 4 |
_aSuelos. _9110191 |
| 650 | 1 | 4 |
_aSuelos _xClasificación. _9110239 |
| 901 | _aBK | ||
| 942 | _cLIBRO | ||
| 949 |
_a631.4 A8Y _bBC _cLIBRO _d-63887 _eLIBRO _gI.135508 _h70417 _i27535 _si |
||
| 949 |
_a631.4 A8Y _bBC _cLIBRO _d33724000557385 _eLIBRO _fc.2 _gI.135509 _h70418 _i27535 _si |
||
| 999 |
_c22467 _d22467 |
||